<?xml version="1.0" encoding="UTF-8"?><?xml-stylesheet type="text/xsl" href="static/style.xsl"?><OAI-PMH xmlns="http://www.openarchives.org/OAI/2.0/" xmlns:xsi="http://www.w3.org/2001/XMLSchema-instance" xsi:schemaLocation="http://www.openarchives.org/OAI/2.0/ http://www.openarchives.org/OAI/2.0/OAI-PMH.xsd"><responseDate>2026-04-30T05:20:48Z</responseDate><request verb="GetRecord" identifier="oai:uvadoc.uva.es:10324/76208" metadataPrefix="marc">https://uvadoc.uva.es/oai/request</request><GetRecord><record><header><identifier>oai:uvadoc.uva.es:10324/76208</identifier><datestamp>2026-04-21T12:32:13Z</datestamp><setSpec>com_10324_29292</setSpec><setSpec>com_10324_29291</setSpec><setSpec>col_10324_29293</setSpec></header><metadata><record xmlns="http://www.loc.gov/MARC21/slim" xmlns:doc="http://www.lyncode.com/xoai" xmlns:xsi="http://www.w3.org/2001/XMLSchema-instance" xmlns:dcterms="http://purl.org/dc/terms/" xsi:schemaLocation="http://www.loc.gov/MARC21/slim http://www.loc.gov/standards/marcxml/schema/MARC21slim.xsd">
<leader>00925njm 22002777a 4500</leader>
<datafield tag="042" ind1=" " ind2=" ">
<subfield code="a">dc</subfield>
</datafield>
<datafield tag="720" ind1=" " ind2=" ">
<subfield code="a">Fahd Salim, Bassam</subfield>
<subfield code="e">author</subfield>
</datafield>
<datafield tag="260" ind1=" " ind2=" ">
<subfield code="c">2019</subfield>
</datafield>
<datafield tag="520" ind1=" " ind2=" ">
<subfield code="a">A mediados del siglo XX empezaron a plantearse nuevos procedimientos para hacer frente a las catástrofes humanitarias; en este contexto, la actitud de la comunidad internacional frente a la crisis de Biafra motivó la convocatoria de una conferencia en la que Mario Bettati y Bernard Kouchner propusieron la “doctrina de la injerencia humanitaria” que propugnaba asistir a las víctimas de estas catástrofes incluso si el Estado donde sucedió no lo hubiera autorizado previamente. Tras la caída del Muro de Berlín y el posterior estallido de diversos conflictos en todo el mundo –como la Guerra del Golfo o el genocidio de Ruanda– el Consejo de Seguridad de Naciones Unidas empezó a considerar que las flagrantes violaciones de los Derechos Humanos constituían una amenaza para la paz y la seguridad internacionales. La actitud de la ONU dio lugar a una época de interés por lo humanitario con doctrinas centradas sobre los términos de “asistencia humanitaria”, “seguridad humana”, llegándose a plantear una posible positivación de la vieja “intervención humanitaria”. Por todo, en 2001, la Comisión Internacional sobre Intervención y Soberanía de los Estados preparó (CIISE) preparó un informe que concreta el de la “responsabilidad de proteger” para que la comunidad internacional ayudara a las víctimas cuando su propio Estado no pudiera o no quisiera hacerlo. Esa investigación examina tanto el contenido de la normativa internacional vigente en materia de asistencia humanitaria, la doctrina de la injerencia humanitaria y el concepto de la responsabilidad de proteger; como la reacción de Naciones Unidas ante diversas crisis (Iraq, Bosnia-Herzegovina, Somalia, Ruanda, Haití, Kosovo, Libia, Yemen o Siria).</subfield>
</datafield>
<datafield tag="024" ind2=" " ind1="8">
<subfield code="a">Catástrofes  humanitarias  y  asistencia  humanitaria  :  teorías  y  realidades .  Bassam  Fahd  Salim.  Valladolid  :  Ediciones  Universidad  de  Valladolid  (EdUVa), 2019</subfield>
</datafield>
<datafield tag="024" ind2=" " ind1="8">
<subfield code="a">978-84-1320-032-3</subfield>
</datafield>
<datafield tag="024" ind2=" " ind1="8">
<subfield code="a">https://uvadoc.uva.es/handle/10324/76208</subfield>
</datafield>
<datafield tag="024" ind2=" " ind1="8">
<subfield code="a">10.24197/eduva.766</subfield>
</datafield>
<datafield ind1=" " ind2=" " tag="653">
<subfield code="a">Catástrofes</subfield>
</datafield>
<datafield ind1=" " ind2=" " tag="653">
<subfield code="a">Derecho Internacional</subfield>
</datafield>
<datafield ind1=" " ind2=" " tag="653">
<subfield code="a">Ayuda humanitaria</subfield>
</datafield>
<datafield tag="245" ind1="0" ind2="0">
<subfield code="a">Catástrofes humanitarias y asistencia humanitaria: teorías y realidades</subfield>
</datafield>
</record></metadata></record></GetRecord></OAI-PMH>